|
|
|
|
| LEADER |
00643nab a2200169 i 4500 |
| 001 |
misc9687 |
| 005 |
20191106143427.0 |
| 008 |
170607s1916 hu o 0|| hun d |
| 022 |
|
|
|a 0025-0260
|
| 040 |
|
|
|a SZTE Miscellanea Repozitórium
|b hun
|
| 041 |
|
|
|a hun
|
| 245 |
0 |
0 |
|a Egészség
|h [elektronikus dokumentum] :
|b (5. sz.)
|
| 260 |
|
|
|c 1916
|
| 300 |
|
|
|a 510-511
|
| 490 |
0 |
|
|a Magyar pedagógia : a Magyar Tudományos Akadémia Pedagógiai Bizottságának folyóirata
|v 25
|
| 695 |
|
|
|a Egészségügy iskolai Magyarország 1916, Egészség (folyóirat), Lapszemle
|
| 856 |
4 |
0 |
|u http://misc.bibl.u-szeged.hu/9687/1/mp_1916_2440_510-511.pdf
|z Dokumentum-elérés
|